El nuevo aumento salarial no es acorde al costo de vida
Na minha lista:
| Formato: | Texto |
|---|---|
| Assuntos: | |
| Tags: |
Adicionar Tag
Sem tags, seja o primeiro a adicionar uma tag!
|
MARC
| LEADER | 00000 a a2200000 04500 | ||
|---|---|---|---|
| 001 | 6889 | ||
| 003 | |||
| 040 | |||
| 245 | |a El nuevo aumento salarial no es acorde al costo de vida | ||
| 650 | |a SALARIOS | ||
| 650 | |a EL SALVADOR | ||
| 773 | |g volumen 28, número 1264; páginas 6-7 | ||
| 999 | |c 22434 |d 22434 | ||
